Don Rickles Movies - Statistics

General Stats
  • This quiz has been taken 8 times
  • The average score is 3 of 27
Answer Stats
Character(s) Portrayed Movie % Correct
Mr. Potato Head Toy Story
67%
Mr. Potato Head Toy Story 2
50%
Mr. Potato Head Toy Story 3
50%
Mr. Potato Head Toy Story 4
50%
Billy Sherbert Casino
33%
Staff Sargeant "Crapgame" Kelly's Heroes
17%
Cornwall Quest for Camelot
17%
Big Drop Beach Blanket Bingo
0%
Big Drag Bikini Beach
0%
George Wilson Dennis the Menace Strikes Again
0%
Mr. Hamilton Dirty Work
0%
Harry Hamburger Enter Laughing
0%
Mr. Potato Head Hawaiian Vacation
0%
Emmanuel "Manny" Bergman Innocent Blood
0%
Jake Keaton's Cop
0%
Jack Fanny Muscle Beach Party
0%
Big Bang The Martian Pajama Party
0%
Mr. Potato Head Partysaurus Rex
0%
The Boss Redux Riding Hood
0%
Quartermaster 1st Class Ruby Run Silent, Run Deep
0%
Announcer The Love Machine
0%
Harry Darkwater The Money Jungle
0%
Mike O'Halloran The Rabbit Trap
0%
Nellie The Rat Race
0%
Willie Where It's At
0%
Crane X: The Man with the X-Ray Eyes
0%
Jim the Bullfrog Zookeeper
0%
No matching quizzes found
Score Distribution
Percent of People with Each Score
Percentile by Number Answered
Your Score History
You have not taken this quiz